000 00724nam a2200289Ia 4500
005 20260324145533.0
008 008 260324s9999 xx 000 0 eng d
020 _a9781003321828
037 _aEBOOK
040 _aCRL
040 _beng
040 _cCRL
041 _2eng
041 _aeng
084 _qCRL
100 _aLady Plowden; Pre-school Playgroups Association
_91223311
245 0 _aParents and Playgroups
245 2 _bA Study by the Pre-school Playgroups Association
260 _bTaylor and Francis
260 _c1981
365 _a
365 _b150
856 _uhttp://www.taylorfrancis.com/books/9781003321828
942 _cEBOOK
999 _c1831362
_d1831362